First Division and Premier League Teams Quiz Stats

 Plays Quiz not verified by Sporcle

Also try: No Sport States
Challenge
Share
Tweet
Embed
Score 0/65 Timer 20:00
0 Plays Today
First Season in League Team % Correct
1904-05Arsenal
95.5%
1892-93Manchester United
95%
1899-1900Manchester City
93.7%
1894-95Liverpool
92.8%
1907-08Chelsea
92.3%
1889-89Aston Villa
91.4%
1888-89Everton
91.4%
1890-91Sunderland
91.4%
1898-99Newcastle United
91%
1909-10Tottenham Hotspur
91%
1888-89Blackburn Rovers
90%
1923-24West Ham United
89.6%
1897-98Sheffield United
89.1%
1892-93Sheffield Wednesday
88.7%
1981-82Swansea City
88.7%
2015-16Bournemouth
88%
1888-89West Bromich Albion
87.3%
1888-89Derby County
87.3%
1892-93Nottingham Forest
86.9%
1924-25Leeds United
86.9%
1888-89Wolverhampton Wanderers
86.4%
1966-67Southampton
86.4%
1927-28Portsmouth
86%
1949-50Fulham
86%
1930-31Blackpool
85.5%
1972-73Norwich City
85.5%
1888-89Stoke City
85.1%
1961-62Ipswich Town
85.1%
1888-89Burnley
84.6%
1888-89Bolton Wanderers
83.7%
2005-06Wigan Athletic
82.8%
2008-09Hull City
82.8%
1986-87Wimbledon (not AFC Wimbledon)
82.4%
First Season in League Team % Correct
1969-70Crystal Palace
81.9%
1888-89Preston North End
81.4%
1894-95Birmingham City
81.4%
1902-03Middlesbrough
81.4%
1968-69Queens Park Rangers
80.5%
1982-83Watford
80.5%
2006-07Reading
80.5%
1920-21Huddersfield Town
79.6%
1997-98Barnsley
79.6%
1908-09Leicester City
78.3%
1967-68Coventry City
76.9%
1921-22Cardiff City
76%
1979-80Brighton & Hove Albion
76%
1936-37Charlton Athletic
75.6%
1888-89Notts County
75.1%
1910-11Oldham Athletic
74.2%
1992-93Swindon Town
73.3%
1908-09Bristol City
69.7%
1919-20Bradford City
69.7%
1988-89Millwall
67%
1955-56Luton Town
65.2%
1985-86Oxford United
57.5%
1895-96Bury
57%
1935-36Brentford
52.5%
1962-63Leyton Orient
51.6%
1965-66Northampton Town
50.7%
1974-75Carlisle United
50.7%
1888-89Accrington F.C. (not Stanley)
46.2%
1901-02Grimsby Town
38%
1914-15Bradford Park Avenue
30.3%
1891-92Darwen
18.1%
1899-1900Glossop North End
12.7%

You're not logged in!

Compare scores with friends on all Sporcle quizzes.
OR
Log In

You Might Also Like...

Show Comments

Extras

Top Quizzes Today


Score Distribution

Your Account Isn't Verified!

In order to create a playlist on Sporcle, you need to verify the email address you used during registration. Go to your Sporcle Settings to finish the process.

Report this User

Report this user for behavior that violates our Community Guidelines.

Details: